Juridicidad y moralidad en Súarez
Guardat en:
| Autor principal: | |
|---|---|
| Format: | Llibre |
| Idioma: | espanyol |
| Publicat: |
Oviedo
Instituto de Estudios Jurídicos
1967
|
| Matèries: | |
| Etiquetes: |
Afegir etiqueta
Sense etiquetes, Sigues el primer a etiquetar aquest registre!
|
MARC
| LEADER | 00000nam a2200000 a 4500 | ||
|---|---|---|---|
| 001 | UCS8403 | ||
| 003 | CL-VaPUC | ||
| 008 | 971031e19670000SP |||||||||||||||||spa|d | ||
| 082 | 0 | 4 | |a 340.109 |b MAC |2 21 |
| 100 | |a Maciá Manso, Ramón |e autor |9 368181 | ||
| 245 | 1 | 0 | |a Juridicidad y moralidad en Súarez |
| 300 | |a 169 p | ||
| 942 | |c BK | ||
| 945 | |d 19971031 00:00:00 |a aolguin | ||
| 260 | |a Oviedo |b Instituto de Estudios Jurídicos |c 1967 | ||
| 650 | 0 | |a Pensamiento jurídico |9 255517 | |
| 650 | 0 | |a Justicia |9 255408 | |
| 650 | 0 | |a Teoría de la ley |9 354245 | |
| 650 | 7 | |a LEY |2 CL-VaPUC |9 393264 | |
| 650 | 0 | |a Moral y derecho |9 393265 | |
| 650 | 0 | |a Filosofía del derecho |9 255050 | |
| 583 | |a last modification |c 19971031 00:00:00 |k Rodrigo Vera | ||
| 999 | |c 262832 |d 262830 | ||
| 952 | |0 0 |1 0 |4 0 |6 340_109000000000000_MAC_1967 |7 0 |8 DER_TF |9 291734 |a BIBDER |b BIBDER |d 2019-11-19 |i 1897896 |o 340.109 MAC 1967 |p 1897896 |r 2023-01-25 |w 2019-11-19 |x Ubicación 4to Piso |y BK |z Estos recursos deben solicitarse con anticipación |k DER | ||